|
|
|
|
| LEADER |
00000nkm a2200000 a 4500 |
| 001 |
vtls008628294 |
| 003 |
SK-MaSNL |
| 005 |
20260301075943.0 |
| 007 |
kf co |
| 008 |
200701s2005 xo d kuslo |
| 015 |
|
|
|a SNBG2006/03-00672
|
| 040 |
|
|
|a SNK
|b slo
|c SNK
|e AACR2
|
| 041 |
0 |
|
|a slo
|
| 044 |
|
|
|a xo
|c SK
|
| 080 |
|
|
|a 7.041.3
|x (059)
|2 2001
|
| 080 |
|
|
|a (059)
|2 2001
|
| 080 |
|
|
|a 7.041.3
|2 2001
|
| 110 |
2 |
|
|a MB - Euromedia
|4 aut
|9 400870
|
| 245 |
1 |
0 |
|a HOT girls 2006
|h grafika
|c photo: MB - Euromedia
|
| 260 |
|
|
|a [Banská Bystrica]
|b Spektrum Grafik
|c [2005]
|
| 300 |
|
|
|a 1 kalendár ([12] l.)
|b fareb. fotogr.
|c 33 x 33 cm
|
| 500 |
|
|
|a Mesačný kalendár
|
| 650 |
0 |
7 |
|a akty
|2 SNKPH
|9 29923
|
| 655 |
|
7 |
|a nástenné viaclistové kalendáre
|2 SNKPH
|9 302208
|
| 919 |
|
|
|a ISBN
|
| 958 |
|
|
|a GBN
|
| 999 |
|
|
|c 651739
|d 653669
|
| 952 |
|
|
|a SNK
|b SNK
|y PREZ
|7 0
|p 17A0501004
|o snkOSB 14487
|i snk2006/4765
|8 0
|0 0
|1 0
|4 0
|d 2006-03-06
|l 0
|r 2026-02-23 18:24:39
|w 2026-02-23
|
| 952 |
|
|
|a SNK
|b SNK
|y VYP
|7 0
|p 17A0501003
|o snkOSB 14487 D1
|i snk2006/4768
|8 0
|0 0
|1 0
|4 0
|d 2006-03-06
|l 0
|r 2026-02-23 18:24:39
|w 2026-02-23
|